[Event "S&W Masters 8th op"]
[Site "Witley"]
[Date "1998.??.??"]
[Round "5"]
[White "Ribshtein, Nati"]
[Black "Hunt, Adam"]
[Result "0-1"]
[WhiteElo "2295"]
[BlackElo "2255"]

1.e4 c5 2.Nf3 d6 3.d4 cxd4 4.Nxd4 Nf6 5.Nc3 a6 6.f3 e5 7.Nb3 Be6 8.Be3 Be7
9.Qd2 O-O 10.O-O-O a5 11.Bb5 Nc6 12.Qf2 Qb8 13.g4 Rc8 14.Kb1 a4 15.Nxa4 Rxa4
16.Bxa4 b5 17.Bxb5 Qxb5 18.Bd2 Qa4 19.Bc3 Ra8 20.a3 Rb8 21.Kc1 Bxb3 22.cxb3 Qxb3
23.Qc2 Qa2 24.Qb1 Qe6 25.Qd3 Ne8 26.Qd5 Qc8 27.Qc4 Qb7 28.Kd2 Nc7 29.Ke2 Ne6
30.h4 Rc8 31.Kf2 Nf4 32.Qf1 Nd4 33.Bxd4 Rc2+ 34.Kg3 Ne2+ 35.Kh3 exd4 36.b4 Qc7
37.Rh2 d3 38.f4 d5 39.e5 Qc4 40.Rf2 Qe4 41.Re1 Qe3+ 42.Rf3 Nxf4+ 43.Kg3 Ne2+
44.Kh3 Ng1+  0-1

[Event "Trinec op"]
[Site "Trinec"]
[Date "1999.01.02"]
[Round "8"]
[White "Sikorova, Olga"]
[Black "Jakubowski, Krzysztof"]
[Result "0-1"]
[WhiteElo "2160"]
[BlackElo "2235"]

1.e4 c5 2.Nc3 d6 3.Nf3 a6 4.d4 cxd4 5.Nxd4 Nf6 6.f3 e5 7.Nb3 Be6 8.Be3 Be7
9.Qd2 O-O 10.O-O-O b5 11.g4 b4 12.Na4 Nbd7 13.g5 Nh5 14.h4 Ng3 15.Rg1 Nxf1
16.Rgxf1 Qb8 17.Qf2 Bd8 18.Nd2 Qb5 19.b3 Rc8 20.Kb1 f5 21.gxf6 Bxf6 22.Nb2 Nc5
23.Ndc4 Bxc4 24.bxc4 Qb8 25.h5 Ne6 26.Qd2 Nd4 27.f4 a5 28.f5 a4 29.h6 b3
30.cxb3 axb3 31.a4 Nc2 32.c5 dxc5 33.Qd5+ Rf7 34.Bxc5 Qc7 35.Bf2 Na3+ 36.Ka1 Qc2
37.Be3 Qb1+  0-1

[Event "Mermaid Beach Club"]
[Site "Bermuda"]
[Date "1999.01.25"]
[Round "5"]
[White "Thorhallsson, Throstur"]
[Black "Ashley, Maurice"]
[Result "1-0"]
[WhiteElo "2499"]
[BlackElo "2473"]

1.e4 c5 2.Nf3 d6 3.d4 cxd4 4.Nxd4 Nf6 5.Nc3 a6 6.f3 e5 7.Nb3 Be6 8.Be3 Be7
9.Qd2 h5 10.O-O-O Nbd7 11.h3 Rc8 12.f4 b5 13.Bd3 Bc4 14.Kb1 Qc7 15.Rhf1 h4
16.Rf2 O-O 17.Rg1 b4 18.Nd5 Nxd5 19.exd5 Bxd3 20.Qxd3 Nf6 21.Rd1 Rfd8 22.Qxa6 Ra8
23.Qd3 Ra4 24.Re2 exf4 25.Bxf4 Rda8 26.Rde1 Bf8 27.Nc1 b3 28.Bg5 bxa2+ 29.Ka1 Nd7
30.Re8 Ne5 31.Qb3 Qa5 32.Rxa8 Qxa8 33.Nd3 Nxd3 34.Qxd3 Ra5 35.c4 Ra7 36.Bxh4 Rb7
37.Bf2 Qa4 38.Bd4 Rc7 39.Rc1 Qe8 40.g4 Re7 41.Rf1 g6 42.Qf3 Re1+ 43.Rxe1 Qxe1+
44.Kxa2 Qb4 45.Qb3 Qa5+ 46.Qa3 Qc7 47.Qc3 Qd7 48.b3 Be7 49.Qe3 Qd8 50.b4 Bg5
51.Qe2 Kh7 52.Kb3 Kg8 53.Qf3 Qe8 54.Bc3  1-0

[Event "Goodricke 10th op"]
[Site "Calcutta"]
[Date "1999.02.14"]
[Round "9"]
[White "Fedorov, Alexei"]
[Black "Wojtkiewicz, Aleksander"]
[Result "1-0"]
[WhiteElo "2645"]
[BlackElo "2570"]

1.e4 c5 2.Nf3 d6 3.d4 cxd4 4.Nxd4 Nf6 5.Nc3 a6 6.f3 Nc6 7.Be3 d5 8.Nxd5 Nxd5
9.exd5 Qxd5 10.c3 e5 11.Nb3 Qxd1+ 12.Rxd1 Be6 13.Bb6 Be7 14.Bd3 Rc8 15.O-O Nb8
16.Rfe1 Nd7 17.Bf2 f6 18.f4 Kf7 19.f5 Bxb3 20.axb3 Rhd8 21.b4 Nf8 22.Be4 Rxd1
23.Rxd1 Rb8 24.Ba7 Ra8 25.Bb6 Rb8 26.g4 Ke8 27.Kf2 Nd7 28.Be3 h6 29.Kf3 Bd8
30.c4 Rc8 31.c5 Rc7 32.Rd6 Be7 33.Re6 Kd8 34.h3 Nb8 35.Rb6 Kc8 36.b5 axb5
37.Rxb5 Nc6 38.Bd5 Kb8 39.Ke4 Na7 40.Ra5 Nc6 41.Ra4 Na7 42.Rc4 Nb5 43.Rc1 Rc8
44.Kd3 Rd8 45.Kc4 Na7 46.b4 Nc6 47.Be4 Nd4 48.Ra1 Bf8 49.Ra2 Rd7 50.b5 Rd8
51.b6 Rc8 52.Bxd4 exd4 53.Ra7 Rxc5+ 54.Kxd4 Re5 55.Rxb7+ Kc8 56.Rc7+ Kd8
57.Bd5 Re7 58.Rxe7  1-0

[Event "ISL-chT9899"]
[Site "Reykjavik"]
[Date "1999.03.05"]
[Round "?"]
[White "Thorhallsson, Throstur"]
[Black "Arnason, Jon L"]
[Result "1/2-1/2"]
[WhiteElo "2499"]
[BlackElo "2529"]

1.e4 c5 2.Nf3 d6 3.d4 cxd4 4.Nxd4 Nf6 5.Nc3 a6 6.f3 e5 7.Nb3 Be7 8.Be3 Be6
9.Qd2 O-O 10.O-O-O a5 11.Bb5 Nc6 12.Qf2 Qb8 13.Kb1 Rc8 14.g4 a4 15.Bxa4 Nb4
16.Bb5 Rxc3 17.bxc3 Rxa2 18.cxb4 Bxb3 19.cxb3 Rxf2 20.Bxf2 h6 21.Bc4 d5 22.Bxd5 Bxb4
23.Be1 Qf8 24.Rd3 b5 25.Bxb4 Qxb4 26.Kb2 Ne8 27.Rc1 Nd6 28.Rc6 Kh7 29.Be6 fxe6
30.Rcxd6 Qe1 31.Rd2  1/2-1/2

[Event "Novgorod op"]
[Site "Novgorod"]
[Date "1999.03.26"]
[Round "8"]
[White "Kobalija, Mihail"]
[Black "Vaulin, Alexander"]
[Result "1-0"]
[WhiteElo "2537"]
[BlackElo "2547"]

1.e4 c5 2.Nf3 d6 3.d4 cxd4 4.Nxd4 Nf6 5.Nc3 a6 6.f3 e6 7.Be3 Nbd7 8.Qd2 b5
9.O-O-O Bb7 10.g4 h6 11.Bd3 Ne5 12.Rhe1 g5 13.h3 Nfd7 14.Kb1 Be7 15.Qf2 Rc8
16.Nce2 Nc5 17.Bc1 Rg8 18.Rf1 Rf8 19.Ng3 d5 20.Be2 Qc7 21.Nh5 Rg8 22.exd5 Bxd5
23.f4 Ne4 24.Qe1 Nc6 25.Nxc6 Qxc6 26.Bd3 Nc5 27.Bh7 Rh8 28.Bf5 exf5 29.Rxd5 Ne4
30.Qd1 fxg4 31.Re1 gxh3 32.Rxe4 h2 33.Re1 g4 34.Rde5 Kf8 35.c3 Bh4 36.Rh1 g3
37.Rd5 Re8 38.Ka1 Qg6 39.f5 Qc6 40.f6 Bg5 41.Bxg5 g2 42.Bc1 Qb6 43.Rd4 gxh1=Q
44.Qxh1 Rc8 45.Bf4  1-0

[Event "Mitropa Cup"]
[Site "Baden"]
[Date "1999.04.02"]
[Round "2"]
[White "Sax, Gyula"]
[Black "Gallagher, Joseph G"]
[Result "0-1"]
[WhiteElo "2524"]
[BlackElo "2519"]

1.e4 c5 2.Nf3 d6 3.d4 cxd4 4.Nxd4 Nf6 5.Nc3 a6 6.f3 e5 7.Nb3 Be6 8.Be3 Be7
9.Qd2 O-O 10.O-O-O b5 11.g4 b4 12.Nd5 Bxd5 13.exd5 a5 14.Kb1 Qc7 15.g5 Nfd7
16.h4 Nb6 17.h5 a4 18.Nc1 Nc4 19.Bxc4 Qxc4 20.g6 Nd7 21.gxh7+ Kh8 22.Rhg1 b3
23.axb3 axb3 24.Nxb3 Qa4 25.Qg2 Bf6 26.Bg5 Nc5 27.Bxf6 Qa2+ 28.Kc1 Nxb3+
29.cxb3 Rfc8+ 30.Kd2 Qa5+ 31.Ke3 Qb6+ 32.Ke2 Rc2+ 33.Rd2 Rxd2+ 34.Kxd2 Qd4+  0-1

[Event "Foxwoods op"]
[Site "Mashantucket"]
[Date "1999.04.02"]
[Round "2"]
[White "Kriventsov, Stanislav G"]
[Black "Timoshenko, Georgy"]
[Result "1-0"]
[WhiteElo "2302"]
[BlackElo "2592"]

1.e4 c5 2.Nf3 d6 3.d4 cxd4 4.Nxd4 Nf6 5.Nc3 a6 6.f3 e6 7.Be3 b5 8.g4 h6 9.Qd2 Bb7
10.h4 Nbd7 11.Rg1 g6 12.g5 hxg5 13.hxg5 Nh5 14.O-O-O Rc8 15.Kb1 b4 16.Nce2 d5
17.exd5 Bxd5 18.f4 Qa5 19.Nb3 Qc7 20.Ned4 Bb7 21.Bd3 Ng7 22.f5 gxf5 23.Bf4 Bd6
24.Bxd6 Qxd6 25.g6 f6 26.Rde1 Ne5 27.Nxe6 Nxe6 28.g7 Rg8 29.Qh6 Nxd3 30.cxd3 Qxd3+
31.Ka1 Ke7 32.Rg6 Be4 33.Rxf6 Nxg7 34.Rxa6 Rcd8 35.Ra7+ Rd7 36.Nc5 Rxa7 37.Nxd3 Ne6
38.Nf4 Ra6 39.Ng6+ Kd7 40.Rd1+ Kc7 41.Ne5 Nc5 42.Qh7+ Kb6 43.Qxg8  1-0

[Event "Dreifluesse op 7th"]
[Site "Passau"]
[Date "1999.04.02"]
[Round "2"]
[White "Baumeister, Michael"]
[Black "Maurer, Jochen"]
[Result "0-1"]
[WhiteElo "1672"]
[BlackElo "1936"]

1.e4 c5 2.Nf3 d6 3.d4 cxd4 4.Nxd4 Nf6 5.Nc3 a6 6.f3 Nc6 7.Be3 e6 8.Qd2 Qc7
9.O-O-O Be7 10.Kb1 O-O 11.g4 b5 12.g5 Nd7 13.h4 Nxd4 14.Bxd4 b4 15.Ne2 Ne5
16.Ng1 a5 17.f4 Nc4 18.Bxc4 Qxc4 19.b3 Qb5 20.Nf3 Bb7 21.Rde1 a4 22.h5 axb3
23.cxb3 d5 24.e5 Ba6 25.Re3 Rac8 26.Qg2 Bc5 27.g6 fxg6 28.hxg6 h6 29.Qg4 Rf5
30.Rd1 Be7 31.Bb2 Bc5 32.Ree1 Rcf8 33.Nd4 Bxd4 34.Bxd4 Qc6 35.Rc1 Bd3+ 36.Kb2 Qa6
37.Ra1  0-1

[Event "EST-chT"]
[Site "Tallinn"]
[Date "1999.04.03"]
[Round "3"]
[White "Leito, Priit"]
[Black "Shishkov, Andrei"]
[Result "1/2-1/2"]
[WhiteElo "2380"]
[BlackElo "2322"]

1.e4 c5 2.Nf3 d6 3.d4 cxd4 4.Nxd4 Nf6 5.Nc3 a6 6.f3 e6 7.Be3 b5 8.g4 Bb7
9.Qd2 Nfd7 10.O-O-O Nb6 11.Bd3 N8d7 12.Qf2 Rc8 13.Kb1 Rxc3 14.bxc3 Na4 15.Bd2 d5
16.Ka1 Bc5 17.Qe1 O-O 18.e5 Qb6 19.Nb3 Rc8 20.Rf1 d4 21.Be4 Bxe4 22.Qxe4 dxc3
23.Be3 Qc7 24.Bxc5 Ndxc5 25.Qd4 Nxb3+ 26.cxb3 Nb2 27.Rc1  1/2-1/2

[Event "Dreifluesse op 7th"]
[Site "Passau"]
[Date "1999.04.04"]
[Round "5"]
[White "Goetz, Ralph"]
[Black "Heumann, Joern"]
[Result "1-0"]
[WhiteElo "2285"]
[BlackElo "2048"]

1.e4 c5 2.Nf3 d6 3.d4 cxd4 4.Nxd4 Nf6 5.Nc3 a6 6.f3 e6 7.Be3 Qc7 8.Qd2 Nc6
9.g4 h6 10.O-O-O b5 11.Nxc6 Qxc6 12.e5 Nd5 13.Nxd5 Qxd5 14.Qc3 b4 15.Qc7 Qxf3
16.Bb6 Bd7 17.Bxa6 Qc6 18.Qxc6 Bxc6 19.Bc4 dxe5 20.Rhe1 e4 21.Bd4 Bd6 22.Bxg7 Bf4+
23.Kb1 Rg8 24.Bd4 Rxg4 25.Bc5 Rb8 26.Rf1 e3 27.Rd4 e5 28.Rd6 Bb5 29.Bd3 e2
30.Re1 Rg2 31.Ba7 Bxd3 32.Rxd3 Rb7 33.Be3 Bxh2 34.Rd2 Rd7 35.Kc1 Rxd2 36.Kxd2 f5
37.Bxh6 f4 38.Rxe2 Rxe2+ 39.Kxe2 Ke7 40.Kf3 Ke6 41.Ke4 Kd6 42.Bf8+ Ke6 43.Bxb4 Bg1
44.Bc3 Bb6 45.a4 Bc7 46.b4 Kd7 47.b5 Kc8 48.Bb4 Kb7 49.c4 Bb8 50.a5 Ka7 51.Be1 Kb7
52.c5 Kc8 53.c6 Ba7 54.Kxe5 f3 55.b6 Bb8+ 56.Kd5 Kd8 57.a6 Kc8 58.a7  1-0

[Event "Dreifluesse op 7th"]
[Site "Passau"]
[Date "1999.04.04"]
[Round "6"]
[White "Socko, Bartosz"]
[Black "Rogic, Davor"]
[Result "1-0"]
[WhiteElo "2497"]
[BlackElo "2475"]

1.e4 c5 2.Nf3 d6 3.d4 cxd4 4.Nxd4 Nf6 5.Nc3 a6 6.f3 e5 7.Nb3 Be6 8.Be3 h5
9.Qd2 Nbd7 10.O-O-O Rc8 11.Kb1 Be7 12.Nd5 Nxd5 13.exd5 Bf5 14.Bd3 Bxd3 15.Qxd3 Bg5
16.Bf2 b5 17.h4 Bh6 18.Rhe1 O-O 19.g4 Bf4 20.Nd2 f5 21.gxf5 Bxd2 22.Rxd2 Nc5
23.Bxc5 Rxc5 24.Rg1 Rc4 25.Rdg2 Rf7 26.Rg6 Rf4 27.Qa3 R4xf5 28.Rxd6 Qxh4
29.Qxa6 Qe7 30.Rdg6 e4 31.Qe6 Kf8 32.Rxg7 Qxe6 33.Rg8+ Ke7 34.dxe6 Rf8 35.Rxf8 Rxf8
36.fxe4 h4 37.b3 Rh8 38.Kb2 h3 39.Rh1 h2 40.Kc3 Rh4 41.Kb4 Rxe4+ 42.Kxb5 Re2
43.a4 Rxc2 44.a5 Kd6 45.b4 Re2 46.Rd1+ Kc7 47.Rd7+ Kb8 48.Rh7 Rxe6 49.Rxh2 Re5+
50.Ka4 Rg5 51.Rh7 Rf5 52.a6 Rf4 53.Ka5 Rf5+ 54.b5 Rg5 55.Rd7 Rh5 56.Kb6 Rh6+
57.Kc5 Rh1 58.b6 Rc1+ 59.Kd6 Rd1+ 60.Ke6 Re1+ 61.Kf5 Rf1+ 62.Ke4 Re1+ 63.Kf3 Re8
64.Rd5 Rh8 65.Ke4 Rh4+ 66.Kd3 Rh8 67.Kc4 Ka8 68.Kb5 Rb8 69.Rc5 Rh8 70.Rc8+ Rxc8
71.b7+ Kb8 72.Kb6  1-0

[Event "Oceanic zt"]
[Site "Gold Coast"]
[Date "1999.04.21"]
[Round "9"]
[White "Wohl, Aleksandar H"]
[Black "Feldman, Vladimir"]
[Result "0-1"]
[WhiteElo "2440"]
[BlackElo "2330"]

1.e4 c5 2.Nf3 d6 3.d4 cxd4 4.Nxd4 Nf6 5.Nc3 a6 6.f3 e5 7.Nb3 Be6 8.Bg5 Nbd7
9.Qd2 Qc7 10.g4 b5 11.a4 b4 12.Nd5 Bxd5 13.exd5 Be7 14.O-O-O O-O 15.Bxf6 Nxf6
16.Kb1 Rfc8 17.g5 Nd7 18.Bh3 a5 19.f4 Re8 20.Rhf1 Bf8 21.fxe5 Nxe5 22.Qf4 g6
23.Nd4 Bg7 24.Nc6 Rf8 25.Bg2 Qd7 26.h4 Qg4 27.Bh1 Rfe8 28.Qxg4 Nxg4 29.Rf4 f5
30.gxf6 Nxf6 31.Bf3 Nd7 32.Bg4 Nc5 33.b3 Ne4 34.Rh1 Nc3+ 35.Kc1 Bh6 36.Rf1 Nxd5  0-1

[Event "Metz op"]
[Site "Metz"]
[Date "1999.04.24"]
[Round "8"]
[White "Magem Badals, Jorge"]
[Black "Savchenko, Stanislav"]
[Result "1/2-1/2"]
[WhiteElo "2557"]
[BlackElo "2539"]

1.e4 c5 2.Nf3 d6 3.d4 Nf6 4.Nc3 cxd4 5.Nxd4 a6 6.f3 e6 7.Be3 b5 8.Qd2 Nbd7
9.O-O-O Bb7 10.g4 h6 11.Bd3 Ne5 12.Rhe1 b4 13.Na4 d5 14.exd5 Nxd5 15.f4 Qd7
16.b3 Nxg4 17.Nxe6 Ngxe3 18.Nb6 Qxe6 19.Nxd5 O-O-O 20.Rxe3 Qd6 21.Bc4 Bxd5
22.Bxd5 Qf6 23.Bb7+  1/2-1/2

[Event "Katrineholm"]
[Site "Katrineholm"]
[Date "1999.05.14"]
[Round "4"]
[White "Fedorov, Alexei"]
[Black "Gavrikov, Viktor"]
[Result "1/2-1/2"]
[WhiteElo "2648"]
[BlackElo "2532"]

1.e4 c5 2.Nf3 d6 3.d4 Nf6 4.Nc3 cxd4 5.Nxd4 a6 6.f3 e6 7.Be3 b5 8.g4 h6 9.Qd2 Nbd7
10.O-O-O Bb7 11.Bd3 Qa5 12.Kb1 Ne5 13.Rhe1 b4 14.Nce2 d5  1/2-1/2

[Event "VCN SchaakFestival"]
[Site "Soest"]
[Date "1999.05.15"]
[Round "3"]
[White "Vedder, Richard"]
[Black "De Pender, Paul"]
[Result "1/2-1/2"]
[WhiteElo "2226"]
[BlackElo "2059"]

1.e4 c5 2.Nf3 d6 3.d4 cxd4 4.Nxd4 Nf6 5.Nc3 a6 6.f3 e5 7.Nb3 Be6 8.Be3 Nbd7
9.Qd2 Qc7 10.g4 h6 11.h4 Be7 12.Bh3 Nb6 13.Bxb6 Qxb6 14.O-O-O g5 15.h5 O-O-O
16.Nd5 Bxd5 17.exd5 Kb8 18.Rhe1 Rc8 19.Bf1 Rc7 20.Kb1 Rhc8 21.Bd3 Bf8 22.Bf5 Re8
23.a3 Rc4 24.Qd3 Qc7 25.c3 b5 26.Qe3 Rf4 27.Nc1 Qb7 28.Qd3 Rc4 29.b4 Be7
30.Nb3 Bd8 31.Nd2 Rf4 32.Ne4 Nxe4 33.Bxe4 Bb6 34.Rc1 Rc8 35.c4 bxc4 36.Rxc4 a5
37.Rxc8+ Kxc8 38.Qb5 Kb8 39.Rc1 axb4 40.axb4 Bd8 41.Qxb7+ Kxb7 42.Rc6 Bc7
43.b5 f5 44.Bxf5 Rb4+ 45.Kc2 Rxb5 46.Be4 Ra5  1/2-1/2

[Event "Guillermo Garcia mem-B"]
[Site "Santa Clara"]
[Date "1999.05.25"]
[Round "2"]
[White "Alzate, Dario"]
[Black "Herrera, Irisberto"]
[Result "0-1"]
[WhiteElo "2417"]
[BlackElo "2450"]

1.e4 c5 2.Nf3 d6 3.d4 cxd4 4.Nxd4 Nf6 5.Nc3 a6 6.f3 e6 7.Be3 b5 8.g4 h6 9.Qd2 Bb7
10.O-O-O Nbd7 11.Bd3 b4 12.Nce2 d5 13.Ng3 Ne5 14.Qe2 Qc7 15.Kb1 dxe4 16.Nxe4 Nd5
17.Bc1 Be7 18.h4 Nxd3 19.Rxd3 a5 20.g5 Ba6 21.g6 Qb6 22.gxf7+ Kxf7 23.Nb3 a4
24.Nbd2 Rad8 25.f4 Nf6 26.Nf3 Bxd3 27.Ne5+ Ke8 28.Nxd3 h5 29.Qg2  0-1

[Event "Rhein Main op"]
[Site "Frankfurt"]
[Date "1999.06.06"]
[Round "7"]
[White "Brendel, Oliver"]
[Black "Chandler, Patrick"]
[Result "0-1"]
[WhiteElo "2404"]
[BlackElo "2177"]

1.e4 c5 2.Nf3 d6 3.d4 cxd4 4.Nxd4 Nf6 5.Nc3 a6 6.f3 e5 7.Nb3 Be6 8.Be3 Nc6
9.Nd5 Bxd5 10.exd5 Ne7 11.c4 g6 12.a4 Bg7 13.a5 Nd7 14.Bd3 f5 15.O-O O-O
16.c5 Kh8 17.Bc4 Qc7 18.Rc1 Rfd8 19.f4 exf4 20.Bxf4 Ne5 21.Nd4 Qxc5 22.Bb3 Qxa5
23.Ne6 Qb6+ 24.Kh1 Bf6 25.Nxd8 Rxd8 26.h3 g5 27.Bxe5 Bxe5 28.Bc2 Rf8 29.Qd3 Qd4
30.Qxd4 Bxd4 31.Bd3 b5 32.b3 Be5 33.Rf2 Bf4 34.Ra1 Nxd5 35.g3 Be5 36.Rd1 f4
37.gxf4 gxf4 38.Be4 Nc3 39.Re1 a5 40.Bc6 Rc8 41.Bd7 Rc7 42.Be6 Kg7 43.Rd2 Kf6
44.Bg8 a4 45.bxa4 bxa4 46.Rb2 Rg7 47.Rg1 Ne4 48.Rxg7 Kxg7 49.Rb8 f3 50.Bc4 a3
51.Ra8 Bb2 52.Rg8+ Kh6 53.Rf8 Nd2 54.Bd5 Kg5 55.Be6 Bd4 56.Rf5+ Kh6 57.Rf4 Be5
58.Rf8 Kg6 59.Kg1 Bd4+ 60.Kh2 Bg7 61.Rf7 h5 62.Kg3 Ne4+  0-1

[Event "World op"]
[Site "Philadelphia"]
[Date "1999.06.27"]
[Round "1"]
[White "Saravanan, V."]
[Black "De Fotis, Gary"]
[Result "0-1"]
[WhiteElo "2393"]
[BlackElo "2234"]

1.e4 c5 2.Nf3 d6 3.d4 cxd4 4.Nxd4 Nf6 5.Nc3 a6 6.f3 e5 7.Nb3 Be6 8.Be3 Be7
9.Qd2 O-O 10.O-O-O b5 11.g4 b4 12.Nd5 Bxd5 13.exd5 a5 14.Kb1 a4 15.Nc1 Qa5
16.g5 Nfd7 17.h4 Na6 18.h5 Nac5 19.g6 fxg6 20.hxg6 hxg6 21.Qg2 Rf6 22.Bg5 Kf7
23.Bxf6 Bxf6 24.Rg1 Nf8 25.Qd2 e4 26.f4 Qb6 27.Bc4 a3 28.b3 e3 29.Qg2 Re8
30.Ne2 Ne4 31.Rd3 Nf2 32.Qf3 Nxd3 33.Bxd3 Qc5 34.Qg2 Rc8 35.Bxg6+ Nxg6 36.Qxg6+ Ke7
37.Qf5 Kd8 38.Qe6 Qxc2+  0-1

[Event "Bydgoszcz Bank Pocztowy op"]
[Site "Bydgoszcz"]
[Date "1999.07.15"]
[Round "4"]
[White "Fedorchuk, Sergey A"]
[Black "Simantsev, Mikhail"]
[Result "0-1"]
[WhiteElo "2457"]
[BlackElo "2409"]

1.e4 c5 2.Nf3 d6 3.d4 cxd4 4.Nxd4 Nf6 5.Nc3 a6 6.Be3 Ng4 7.Bc1 Nf6 8.f3 e6
9.Be3 b5 10.Qd2 Nbd7 11.O-O-O Bb7 12.g4 h6 13.h4 b4 14.Nce2 d5 15.Bh3 dxe4
16.g5 hxg5 17.hxg5 exf3 18.Nf4 Ne4 19.Qe1 Rxh3 20.Rxh3 e5 21.Rxf3 exf4 22.Rxf4 Qc7
23.g6 Ndf6 24.gxf7+ Kxf7 25.Qh4 Re8 26.Rg1 Qc4 27.Nf5 Qxa2 28.Rxe4 Bxe4 29.Qg5 Bxf5  0-1

[Event "Master Tournament"]
[Site "Dortmund"]
[Date "1999.07.17"]
[Round "9"]
[White "Feigin, Mihail"]
[Black "Petrosian, Arshak B"]
[Result "1/2-1/2"]
[WhiteElo "2500"]
[BlackElo "2514"]

1.e4 c5 2.Nf3 d6 3.d4 cxd4 4.Nxd4 Nf6 5.Nc3 a6 6.f3 e5 7.Nb3 Be6 8.Be3 Be7
9.Qd2 Nbd7 10.g4 h6 11.O-O-O b5 12.h4 Nb6 13.Qf2 Nfd7 14.Kb1 Qc7 15.Nd5  1/2-1/2

[Event "Lost Boys op"]
[Site "Antwerp"]
[Date "1999.07.30"]
[Round "1"]
[White "Maes, Wim"]
[Black "Zoler, Dan"]
[Result "0-1"]
[WhiteElo "2265"]
[BlackElo "2529"]

1.e4 c5 2.Nf3 d6 3.d4 cxd4 4.Nxd4 Nf6 5.Nc3 a6 6.f3 e6 7.Be3 Nc6 8.Qd2 Nxd4
9.Bxd4 b5 10.O-O-O Qa5 11.Kb1 b4 12.Ne2 e5 13.Be3 Be6 14.Nc1 Be7 15.g4 O-O
16.Qf2 Qc7 17.g5 Nh5 18.Nd3 a5 19.f4 exf4 20.Nxf4 Nxf4 21.Bxf4 a4 22.Bd3 a3
23.b3 Qc3 24.Bc1 Bxg5 25.Qe1 Qe5 26.Qg3 Bxc1 27.Qxe5 dxe5 28.Kxc1 Rfd8 29.Rhg1 Rd4
30.Rdf1 Kf8 31.Rg5 Ra5 32.h4 f6 33.Rg3 Rc5 34.Kd2 Rc7 35.Rg5 Bf7 36.Rg3 Bg6
37.Re3 Be8 38.Kc1 Rc3 39.Rfe1 h6 40.Kb1 Bb5 41.Rd1 h5 42.Rd2 Bxd3 43.cxd3 Kf7
44.Rd1 Ke6 45.Rd2 g5 46.hxg5 fxg5 47.Rg2 g4 48.Rh2 Rdxd3 49.Rxd3 Rxd3 50.Rxh5 Rd2
51.Rg5 Rg2 52.Rg6+ Kf7 53.Rb6 g3 54.Rxb4 Rb2+  0-1

[Event "MK Cafe Cup-A"]
[Site "Koszalin"]
[Date "1999.08.04"]
[Round "2"]
[White "Socko, Bartosz"]
[Black "Sutovskij, Emil"]
[Result "1-0"]
[WhiteElo "2543"]
[BlackElo "2587"]

1.e4 c5 2.Nf3 d6 3.d4 cxd4 4.Nxd4 Nf6 5.Nc3 a6 6.f3 b5 7.Be3 Bb7 8.Qd2 Nbd7
9.g4 Nb6 10.O-O-O Nfd7 11.Nf5 g6 12.Bd4 f6 13.Ng3 e5 14.Be3 Rc8 15.Kb1 b4
16.Nd5 Bxd5 17.exd5 Na4 18.Ne4 Qa5 19.Qe2 Qc7 20.f4 Be7 21.f5 Ndc5 22.Bxc5 Nxc5
23.Nxc5 Qxc5 24.fxg6 hxg6 25.Qe4 a5 26.Qxg6+ Kd8 27.Ba6 Rc7 28.h4 a4 29.h5 a3
30.h6 f5 31.Qxf5 e4 32.Qxe4 Bf6 33.Qg6 Bxb2 34.Rhe1 Rf8 35.h7 Be5 36.Rxe5 dxe5
37.d6 Qd4 38.Rxd4  1-0

[Event "MK Cafe Cup-B"]
[Site "Koszalin"]
[Date "1999.08.07"]
[Round "5"]
[White "Buturin, Vladimir"]
[Black "Mazalon, Mariusz"]
[Result "1-0"]
[WhiteElo "2388"]
[BlackElo "2227"]

1.e4 c5 2.Nf3 d6 3.d4 cxd4 4.Nxd4 Nf6 5.Nc3 a6 6.f3 e6 7.Be3 b5 8.Qd2 Bb7
9.O-O-O Nbd7 10.g4 h6 11.h4 Nb6 12.Qf2 Nfd7 13.Kb1 Rc8 14.Nce2 Qc7 15.Ng3 g6
16.Rh2 e5 17.Nb3 Nc4 18.Qe1 Ndb6 19.Na5 Na4 20.Bxc4 bxc4 21.Qb4 Nxb2 22.Kxb2 Bxe4
23.Nxe4 Rb8 24.Nf6+ Kd8 25.Nc6+  1-0

[Event "MK Cafe Cup-B"]
[Site "Koszalin"]
[Date "1999.08.10"]
[Round "7"]
[White "Vokarev, Sergey"]
[Black "Shneider, Aleksandr"]
[Result "1/2-1/2"]
[WhiteElo "2469"]
[BlackElo "2551"]

1.e4 c5 2.Nf3 d6 3.d4 cxd4 4.Nxd4 Nf6 5.Nc3 a6 6.f3 e6 7.Be3 Nbd7 8.g4 h6
9.h4 b5 10.Rg1 g6 11.g5 hxg5 12.hxg5 Nh5 13.Bd3 Bb7 14.Qd2 b4  1/2-1/2

[Event "AZ Sanace Cup"]
[Site "Olomouc"]
[Date "1999.08.11"]
[Round "5"]
[White "Arizmendi Martinez, Julen Luis"]
[Black "Polak, Tomas"]
[Result "1-0"]
[WhiteElo "2465"]
[BlackElo "2488"]

1.e4 c5 2.Nf3 d6 3.d4 cxd4 4.Nxd4 Nf6 5.Nc3 a6 6.f3 e5 7.Nb3 Be6 8.Be3 h5
9.Qd2 Nbd7 10.a4 Nb6 11.Qf2 Nc4 12.Bxc4 Bxc4 13.Bb6 Qd7 14.Na5 Be6 15.O-O Be7
16.Rfd1 h4 17.Nd5 Nxd5 18.exd5 Bf5 19.c4 Rh6 20.c5 Rg6 21.Kh1 h3 22.g3 Rc8
23.Nc4 Rf6 24.Qe3 Kf8 25.Ba7 b5 26.c6 Qc7 27.axb5 axb5 28.Bb6 Qb8 29.c7 Rxc7
30.Bxc7 Qxc7 31.Ra8+ Bd8 32.Na5 Kg8 33.Nc6 Kh7 34.Rxd8 Bc2 35.Rc1 Bg6 36.Qg5 Rf5
37.Qh4+ Rh5 38.Qe7 Qb6 39.Qa7 Qxa7 40.Nxa7 e4 41.Rcc8 Kh6 42.Rxd6 exf3 43.Rh8+ Kg5
44.Rxh5+  1-0

[Event "ESP-ch"]
[Site "Palencia"]
[Date "1999.08.19"]
[Round "1"]
[White "Garbisu de Goni, Unai"]
[Black "Palacios Perez, Manuel"]
[Result "1-0"]
[WhiteElo "2422"]
[BlackElo "2129"]

1.e4 c5 2.Nf3 d6 3.d4 cxd4 4.Nxd4 Nf6 5.Nc3 a6 6.f3 e5 7.Nb3 Be6 8.Be3 h5
9.Qd2 Nbd7 10.Be2 Rc8 11.O-O Be7 12.Kh1 O-O 13.a4 Nb6 14.Na5 Qc7 15.f4 Nc4
16.Nxc4 Bxc4 17.a5 Bxe2 18.Qxe2 Qc4 19.Qf3 d5 20.Nxd5 Nxd5 21.exd5 exf4 22.Bxf4 Rcd8
23.Rad1 Rd7 24.Be5 Qxc2 25.d6 Bd8 26.Qxh5 Bxa5 27.Bxg7 Kxg7 28.Qg4+  1-0

[Event "Polanica Zdroj op"]
[Site "Polanica Zdroj"]
[Date "1999.08.25"]
[Round "9"]
[White "Jakubowski, Maciej"]
[Black "Ibrahimov, Rasul"]
[Result "1/2-1/2"]
[WhiteElo "2335"]
[BlackElo "2396"]

1.e4 c5 2.Nf3 d6 3.d4 cxd4 4.Nxd4 Nf6 5.Nc3 a6 6.f3 e6 7.Be3 b5 8.Qd2 Bb7
9.g4 h6 10.O-O-O Nbd7 11.Kb1 b4 12.Nce2 d5 13.exd5 Nxd5 14.Bf2 Bd6 15.Bg3 Qc7
16.Bxd6 Qxd6 17.Ng3 Qf4 18.Bc4 Qxd2 19.Rxd2 Ne5 20.Bb3 Nb6 21.Re1 Nxf3 22.Nxf3 Bxf3
23.Bxe6 O-O 24.Rd6 Nc8 25.Bxc8 Rfxc8 26.Rd4 a5 27.Rf1 Rd8 28.Rf4 Bg2 29.Re1 Bd5
30.b3 g6 31.Kb2 Be6 32.Re2 Rd1 33.a3 bxa3+ 34.Kxa3 a4 35.Rxa4 Ra1+ 36.Kb4 R8xa4+
37.bxa4 Bd7 38.Rd2 Rxa4+ 39.Kb3 Ra7 40.Rd4 Rb7+ 41.Kc3  1/2-1/2

[Event "Pyramiden Franken Cup"]
[Site "Fuerth"]
[Date "1999.08.28"]
[Round "8"]
[White "Conquest, Stuart"]
[Black "Gofshtein, Leonid D"]
[Result "1-0"]
[WhiteElo "2555"]
[BlackElo "2507"]

1.e4 c5 2.Nf3 d6 3.d4 cxd4 4.Nxd4 Nf6 5.Nc3 a6 6.f3 e5 7.Nb3 Be6 8.Be3 Nbd7
9.Qd2 h5 10.Be2 Be7 11.Nd5 Nxd5 12.exd5 Bf5 13.O-O O-O 14.c4 Bh7 15.Na5 Qc8
16.b4 Bd8 17.Nb3 b6 18.Rac1 Qb8 19.f4 h4 20.f5 Nf6 21.Kh1 Qc8 22.Qc2 Qd7
23.Bg5 Rc8 24.Bxf6 Bxf6 25.Qe4 Qa4 26.Rb1 Qxa2 27.c5 bxc5 28.bxc5 Rb8 29.Bc4 Rb4
30.c6 g6 31.Qg4 Qc2 32.Rfc1 Qxf5 33.Qxf5 gxf5 34.c7 Ra4 35.Nc5 Rxc4 36.Rxc4 f4
37.Rb8  1-0

[Event "Atlantic op"]
[Site "Washington DC"]
[Date "1999.08.28"]
[Round "3"]
[White "Kriventsov, Stanislav G"]
[Black "Rajlich, Vasik G"]
[Result "1-0"]
[WhiteElo "2322"]
[BlackElo "2297"]

1.e4 c5 2.Nf3 d6 3.d4 cxd4 4.Nxd4 Nf6 5.Nc3 a6 6.f3 e5 7.Nb3 Be6 8.Be3 Nbd7
9.Qd2 b5 10.g4 h6 11.O-O-O b4 12.Nd5 Bxd5 13.exd5 a5 14.Kb1 Be7 15.h4 Qc7
16.Bb5 h5 17.g5 Nh7 18.f4 O-O 19.Bxd7 Qxd7 20.fxe5 dxe5 21.d6 Bd8 22.Qd5 Rb8
23.Nc5 Qb5 24.Rhf1 g6 25.Qxe5 Re8 26.Qd5 Rxe3 27.Qxf7+ Kh8 28.Qxg6 Qe2 29.Qh6 Kg8
30.g6 Nf6 31.g7 Kf7 32.Nd7 Rf3 33.Rfe1 Qb5 34.Ne5+  1-0

[Event "Wch U20"]
[Site "Yerevan"]
[Date "1999.09.21"]
[Round "4"]
[White "Brulic, Denis"]
[Black "Matikozian, Andranik"]
[Result "0-1"]
[WhiteElo "2121"]
[BlackElo "2427"]

1.e4 c5 2.Nf3 d6 3.d4 cxd4 4.Nxd4 Nf6 5.Nc3 a6 6.f3 e5 7.Nb3 Be6 8.Be3 Nbd7
9.g4 h6 10.Qd2 b5 11.O-O-O Qc7 12.Qf2 Rb8 13.h4 b4 14.Nd5 Bxd5 15.exd5 a5
16.Qe1 a4 17.Na1 g6 18.Bh3 Qc4 19.Kb1 Nxd5 20.Bd2 Nc3+ 21.Bxc3 bxc3 22.b3 Nc5
23.Rh2 Be7 24.Qe3 O-O 25.Qxh6 axb3 26.cxb3 Nxb3 27.axb3 Rxb3+ 28.Nxb3 Qxb3+
29.Kc1 Rb8  0-1

[Event "Wch U20"]
[Site "Yerevan"]
[Date "1999.09.27"]
[Round "10"]
[White "Atakisi, Umut"]
[Black "Bucinskas, Valdas"]
[Result "1/2-1/2"]
[WhiteElo "2238"]
[BlackElo "2248"]

1.e4 c5 2.Nf3 d6 3.d4 cxd4 4.Nxd4 Nf6 5.Nc3 a6 6.f3 e5 7.Nb3 Be6 8.Be3 Be7
9.Qd2 Nbd7 10.g4 b5 11.O-O-O Nb6 12.Kb1 b4 13.Bxb6 Qxb6 14.Nd5 Bxd5 15.exd5 a5
16.h4 Rc8 17.Qe2 O-O 18.f4 a4 19.Nc1 Rc5 20.Nd3 Rxd5 21.Bg2 Rd4 22.g5 Nd5
23.Bxd5 Rxd5 24.fxe5 b3 25.cxb3 axb3 26.a3 dxe5 27.Nxe5 Rxd1+ 28.Rxd1 Qe6
29.Re1 Rd8 30.Qf1 Bf8 31.Nc4 Qg6+ 32.Ka1 Rd4 33.Ne5 Qh5 34.g6 f6 35.Nf3 Rf4
36.gxh7+ Kh8 37.Re3 Qd5 38.Qd3 Qxd3 39.Rxd3 Kxh7 40.Kb1 Rc4 41.Rxb3 Kh6 42.Rd3 Bc5
43.b3 Rf4 44.Kb2 Bf2 45.b4 Kh5 46.Kc3 g5 47.hxg5 fxg5 48.Nxg5 Kxg5 49.Kb3 Kf5
50.Rc3 Ke6 51.Rd3 Ke5 52.Ka4 Bd4 53.Kb5 Kd5 54.Rh3 Rf6 55.Rh5+ Ke4 56.a4 Rb6+
57.Kc4 Rc6+ 58.Kb5 Rc8 59.a5 Bc3 60.Rh6 Kd5 61.Rb6 Rc4  1/2-1/2